[Event "Open"]
[Site "Winterthur SUI"]
[Date "2007.10.10"]
[Round "6"]
[White "Hobuss,U"]
[Black "Bhend,E"]
[Result "1-0"]
[WhiteElo "2416"]
[BlackElo "2250"]

1.d4 d5 2.c4 Nc6 3.cxd5 Qxd5 4.e3 e5 5.Nc3 Bb4 6.Bd2 Bxc3 7.Bxc3 exd4 8.Ne2 Nf6
9.Nxd4 O-O 10.Nb5 Qg5 11.Nxc7 Bg4 12.Qb3 Rad8 13.Qxb7 Rd6 14.Qb5 Qg6 15.f3 Bc8
16.Kf2 a6 17.Qc4 Bb7 18.Be2 Rc8 19.Rad1 Nd7 20.Qf4  1-0

[Event "IV Amateur Open"]
[Site "Calvia ESP"]
[Date "2007.10.12"]
[Round "7"]
[White "Fokin,Se RUS"]
[Black "Iglesias,Joa"]
[Result "1/2-1/2"]
[WhiteElo "2143"]
[BlackElo "2127"]

1.d4 d5 2.c4 Nc6 3.Nf3 Bg4 4.cxd5 Bxf3 5.gxf3 Qxd5 6.e3 e5 7.Nc3 Bb4 8.Bd2 Bxc3
9.bxc3 exd4 10.cxd4 O-O-O 11.Bh3+ f5 12.O-O Nge7 13.f4 Rd6  1/2-1/2

[Event "TCh-ROU Superliga"]
[Site "Predeal ROU"]
[Date "2007.10.17"]
[Round "5"]
[White "Kruppa,Y"]
[Black "Biro,S"]
[Result "1-0"]
[WhiteElo "2533"]
[BlackElo "2324"]

1.d4 d5 2.c4 Nc6 3.Nc3 Nf6 4.cxd5 Nxd5 5.Nf3 Bf5 6.e3 Qd6 7.Bc4 e6 8.O-O Be7
9.Qe2 Nb6 10.Bb3 O-O-O 11.Rd1 e5 12.d5 Na5 13.e4 Bd7 14.Bc2 g5 15.a3 g4 16.Nd2 c5
17.b3 Kb8 18.Bb2 a6 19.Ncb1 Bb5 20.Qxg4 Rhg8 21.Qf3 Qg6 22.Bxe5+ Ka7 23.Nc3 Bd7
24.h3 Qh6 25.Bg3 f6 26.Ne2 Be8 27.Bf4 Qg6 28.Bc7 Rc8 29.Bxb6+ Kxb6 30.Rac1 Qg5
31.Ng3 Bd6 32.e5 Bxe5 33.Bxh7 Rg7 34.Bf5 Rd8 35.b4 Nc6 36.Nde4 Qh6 37.dxc6 Bxc6
38.bxc5+ Ka7 39.Qb3  1-0

[Event "TCh-BEL 2007-8"]
[Site "Belgium BEL"]
[Date "2007.10.21"]
[Round "2"]
[White "Dal Borgo,A"]
[Black "Veltkamp,G"]
[Result "1-0"]
[WhiteElo "2150"]
[BlackElo "2200"]

1.d4 d5 2.c4 Nc6 3.cxd5 Qxd5 4.e3 e5 5.Nc3 Bb4 6.Bd2 Bxc3 7.Bxc3 e4 8.Ne2 Nf6
9.Nf4 Qd6 10.d5 Ne7 11.Bb5+ Kf8 12.Bc4 b6 13.Qd4 Bb7 14.O-O-O h5 15.h3 h4
16.g4 hxg3 17.fxg3 Nf5 18.Qd2 a5 19.g4 Qc5 20.gxf5 Qxc4 21.Kb1 Rd8 22.Bxf6 gxf6
23.Rc1 Qb5 24.Rxc7 Bxd5 25.Qc3 Rh6 26.Rg1 Qb4 27.Ng6+ fxg6 28.Qxf6+ Ke8 29.Qe5+  1-0

[Event "7th Rohde Open"]
[Site "Sautron FRA"]
[Date "2007.10.28"]
[Round "2"]
[White "Abbasov,F"]
[Black "Das,Arg"]
[Result "0-1"]
[WhiteElo "2505"]
[BlackElo "2367"]

1.d4 d5 2.c4 Nc6 3.Nf3 Bg4 4.cxd5 Bxf3 5.dxc6 Bxc6 6.Nc3 e6 7.e4 Bb4 8.f3 Qh4+
9.g3 Qf6 10.Be3 O-O-O 11.Qe2 Ne7 12.Bg2 Ba5 13.O-O-O Bb6 14.f4 h5 15.Rhf1 Qg6
16.d5 Bd7 17.Bxb6 axb6 18.d6 cxd6 19.Rxd6 Bc6 20.Rfd1 Rxd6 21.Rxd6 h4 22.Nd5 Bxd5
23.exd5 hxg3 24.dxe6 gxh2 25.Bxb7+ Kb8 26.Kd2 Qf6 27.Kc2 Qf5+ 28.Kb3 Kxb7  0-1

[Event "7th Rohde Open"]
[Site "Sautron FRA"]
[Date "2007.11.01"]
[Round "7"]
[White "Kozakov,M"]
[Black "Das,Arg"]
[Result "1/2-1/2"]
[WhiteElo "2449"]
[BlackElo "2367"]

1.d4 d5 2.c4 Nc6 3.Nc3 dxc4 4.d5 Ne5 5.Nf3 Nxf3+ 6.exf3 e5 7.f4 Bd6 8.fxe5 Bxe5
9.Bxc4 Ne7 10.O-O O-O 11.Bg5 Kh8 12.Re1 Bd6 13.Nb5 f6 14.Nxd6 Qxd6 15.Be3 Nf5
16.Bd2 Bd7 17.a3 Rfe8 18.Qf3 Nh4 19.Qb3 Qb6 20.Bf4 Qxb3 21.Bxb3 c6 22.f3 Ng6
23.Bg3 Ne7 24.dxc6 Nxc6 25.Rad1 Bf5 26.h3 a6 27.Bd5 Rad8 28.Bc7 Rc8 29.Bb6 Ne5
30.Bd4 Bc2 31.Rc1 Rcd8 32.Bxe5 Rxd5 33.Rxc2 fxe5 34.Rc7 Rb5 35.b4 a5 36.Re4 h6
37.h4 axb4 38.axb4 Re6 39.h5 g5 40.hxg6 Rxg6 41.Re7 Rgb6 42.Rc4 Rc6 43.Rg4 Rcb6
44.Rc4 Rc6 45.Rxb7 Rxb7 46.Rxc6 Rxb4 47.Rxh6+ Kg7 48.Re6 Rb5 49.Kf2 Kf7 50.Rh6 Rb2+
51.Kg3 Ra2 52.Kh3 Rb2 53.Rh4 Kf6 54.Re4 Ra2 55.Rb4 Rc2 56.g3 Rc8 57.g4 Rc3
58.Kg3 Ra3 59.Rb6+ Kf7 60.Kf2 Rc3 61.Rb2 Kf6 62.Re2 Ra3 63.Re3 Ra2+ 64.Kg3 Rb2
65.Ra3 Rc2 66.Ra6+ Kf7 67.Rh6 Rc3 68.Kf2 Ra3 69.Ke2 Ke7 70.Rb6 Rc3 71.Kf2 Ra3
72.Ke2 Rc3 73.Ra6 Rb3 74.Ra1 Kf6 75.Ra4 Rc3 76.Ra6+ Ke7 77.Rh6 Ra3 78.Rc6 Rb3
79.g5 Kf7 80.Rf6+ Ke7 81.Ra6 Kf7 82.Rd6 Ra3 83.Rd3 Ra2+ 84.Ke3 Kg6 85.Rd5 Kf5
86.g6 Ra3+ 87.Ke2 Ra2+ 88.Kf1 Ra6 89.g7 Rg6 90.Rd7 Kf6  1/2-1/2

[Event "Open"]
[Site "Liberec CZE"]
[Date "2007.11.10"]
[Round "1"]
[White "Simon,Petr"]
[Black "Bogdanovich,G"]
[Result "0-1"]
[WhiteElo "1915"]
[BlackElo "2352"]

1.d4 d5 2.c4 Nc6 3.e3 e5 4.Nc3 dxc4 5.d5 Nce7 6.Bxc4 a6 7.Nf3 Ng6 8.O-O f5
9.a4 Bd6 10.a5 Nh6 11.b4 e4 12.Nd4 Bxh2+ 13.Kxh2 Qh4+  0-1

[Event "Open"]
[Site "Liberec CZE"]
[Date "2007.11.11"]
[Round "2"]
[White "Fales,A"]
[Black "Porat,I"]
[Result "0-1"]
[WhiteElo "2028"]
[BlackElo "2275"]

1.d4 d5 2.c4 Nc6 3.Nf3 Bg4 4.Ne5 Nxe5 5.dxe5 dxc4 6.Qa4+ Qd7 7.Qxc4 O-O-O
8.Nc3 Be6 9.Qa4 Qxa4 10.Nxa4 Bd7 11.Nc3 e6 12.Bg5 Be7 13.Bxe7 Nxe7 14.f4 Bc6
15.e3 Nf5 16.Ke2 g5 17.Rd1 gxf4 18.exf4 Rxd1 19.Nxd1 Rd8 20.Rg1 Rd4 21.g3 Bf3+
22.Kxf3 Rxd1 23.g4 Nd4+ 24.Ke3 c5 25.Rh1 Re1+ 26.Kd3 Rb1 27.Kc3 a5 28.Bg2 Ne2+
29.Kc2 Rxh1 30.Bxh1 Nxf4 31.Be4 Ng6 32.h3 h6 33.Bd3 Nxe5 34.Be2 Kc7 35.Kd2 Kd6
36.Ke3 Kd5 37.b3 b6 38.h4 f6 39.Kf4 Ng6+ 40.Kg3 Kd4 41.Bc4 e5 42.Bf7 Nf4
43.Kf3 b5 44.h5 Nh3 45.Be8 Ng5+ 46.Ke2 b4 47.Bb5 e4 48.Bc4 a4 49.Bg8 a3 50.Bc4 e3  0-1

[Event "WYg18"]
[Site "Kemer TUR"]
[Date "2007.11.20"]
[Round "3"]
[White "Ignacz,M"]
[Black "Kruljac,P"]
[Result "1-0"]
[WhiteElo "2223"]
[BlackElo "2057"]

1.d4 d5 2.c4 Nc6 3.Nf3 Bg4 4.Nc3 Nf6 5.Ne5 Nxe5 6.dxe5 d4 7.Na4 Ng8 8.h3 Bd7
9.Nc5 b6 10.Nxd7 Qxd7 11.e3 c5 12.exd4 cxd4 13.Bd3 e6 14.O-O Ne7 15.b4 Nc6
16.b5 Nxe5 17.Be4 Rc8 18.Bf4 Bd6 19.Bxe5 Bxe5 20.Bc6 Rxc6 21.bxc6 Qxc6 22.Qd3 O-O
23.a4 Bf6 24.a5 e5 25.Rfe1 Re8 26.axb6 axb6 27.Qe4 Qxe4 28.Rxe4 Rc8 29.Kf1 Kf8
30.Ra4 g5 31.Re1 Rc5 32.Rb1 Bd8 33.Rb5 Ke7 34.Rxc5 bxc5 35.Ra6 Bc7 36.g4 Bd6
37.f3 Ke6 38.Ke2 Ke7 39.Kd3 Ke6 40.Ke4 f6 41.Rb6 Kd7 42.Ra6 Ke6 43.Ra8 Kf7
44.Kf5 Be7 45.Ra7 Ke8 46.Ke6  1-0

[Event "WYg18"]
[Site "Kemer TUR"]
[Date "2007.11.22"]
[Round "5"]
[White "Nadeau,G"]
[Black "Kruljac,P"]
[Result "0-1"]
[WhiteElo "1653"]
[BlackElo "2057"]

1.d4 d5 2.c4 Nc6 3.Nf3 Bg4 4.e3 e6 5.Nc3 Bb4 6.Be2 Nf6 7.O-O O-O 8.a3 Bxc3
9.bxc3 Ne4 10.Bb2 Na5 11.c5 b6 12.cxb6 cxb6 13.Rc1 Rc8 14.Ne5 Bxe2 15.Qxe2 f6
16.Nd3 Nc4 17.f3 Ned2 18.Rf2 Nb3 19.Rc2 e5 20.Qe1 Re8 21.Rfe2 e4 22.fxe4 Rxe4
23.Nf2 Re7 24.e4 dxe4 25.Nxe4 Rcc7 26.Bc1 Nxc1 27.Qxc1 Qe8 28.Ng3 f5 29.Kf2 g6
30.Ra2 Qf7 31.Rac2 f4 32.Nf1 g5 33.a4 g4 34.Kg1 Kh8 35.Rf2 f3 36.Kh1 Rc8
37.Qa1 Rce8 38.Rc1 Re2 39.Rxe2 Rxe2  0-1

[Event "WYb14"]
[Site "Kemer TUR"]
[Date "2007.11.22"]
[Round "5"]
[White "Tsirekidze,G"]
[Black "Kazantzidis,I"]
[Result "1/2-1/2"]
[WhiteElo "1924"]
[BlackElo "2111"]

1.d4 d5 2.c4 Nc6 3.Nf3 Bg4 4.e3 e6 5.b3 Nf6 6.Be2 Ne4 7.O-O Be7 8.Bb2 O-O
9.Nbd2 f5 10.Ne5 Nxe5 11.dxe5 Bxe2 12.Qxe2 Nxd2 13.Qxd2 dxc4 14.Qxd8 Rfxd8
15.bxc4 Rd2 16.Bc3 Rd3 17.Rfc1 Rad8 18.Kf1 Ba3 19.Rc2 Rxc3 20.Rxc3 Bb2 21.Rac1 Rd2
22.Ke1 Bxc1 23.Rxc1 Rxa2 24.Rd1 Rb2 25.Rd8+ Kf7 26.Rd7+ Kf8 27.Rxc7 a5 28.Rc8+ Kf7
29.Ra8 b6 30.c5 bxc5 31.Rxa5 Rc2 32.Ra7+ Kf8  1/2-1/2

[Event "WYg18"]
[Site "Kemer TUR"]
[Date "2007.11.24"]
[Round "7"]
[White "Perrusset,B"]
[Black "Kruljac,P"]
[Result "1-0"]
[WhiteElo "1864"]
[BlackElo "2057"]

1.d4 d5 2.c4 Nc6 3.Nc3 dxc4 4.Nf3 Bg4 5.e3 Na5 6.Qa4+ c6 7.Ne5 Be6 8.Bd2 f6
9.Ne4 fxe5 10.Bxa5 b6 11.Ng5 Bd5 12.e4 Nh6 13.exd5 Qxd5 14.Bxb6 exd4 15.Bxd4 Rd8
16.Be3  1-0

[Event "American Open"]
[Site "Los Angeles USA"]
[Date "2007.11.25"]
[Round "7"]
[White "Miller,I"]
[Black "Simms,G"]
[Result "1-0"]
[WhiteElo "2050"]
[BlackElo "2165"]

1.d4 d5 2.c4 Nc6 3.Nc3 dxc4 4.Nf3 Bg4 5.d5 Bxf3 6.exf3 Ne5 7.Bf4 Ng6 8.Bxc4 c6
9.Be3 Ne5 10.Be2 cxd5 11.Qxd5 Qxd5 12.Nxd5 O-O-O 13.O-O-O Nc6 14.Bb5 Kb8
15.Nb4 Rc8 16.Nxc6+  1-0

[Event "WYb16"]
[Site "Kemer TUR"]
[Date "2007.11.26"]
[Round "9"]
[White "Akdag,D"]
[Black "Poetsch,H"]
[Result "0-1"]
[WhiteElo "2042"]
[BlackElo "2264"]

1.d4 d5 2.c4 Nc6 3.Nf3 Bg4 4.e3 e5 5.cxd5 Qxd5 6.Nc3 Bb4 7.Bd2 Bxc3 8.bxc3 e4
9.c4 Qf5 10.h3 Bxf3 11.gxf3 exf3 12.Qa4 Qd7 13.Rb1 b6 14.Rg1 Nf6 15.Rxg7 Ne4
16.c5 Kf8 17.Rg4 Nxd2 18.Kxd2 Rd8 19.Bb5 Qf5 20.Rc1 Ne5 21.cxb6 axb6 22.Qb4+ Rd6
23.Rxc7 Qe6 24.Bc4 Nxc4+ 25.Rxc4 f5 26.Rf4 Kg7 27.Qb5 Ra8 28.Ra4 Rd5 29.Qb3 Rxa4
30.Qxa4 Ra5 31.Qb4 Qxa2+ 32.Kc1 Qa1+ 33.Kd2 Ra2+ 34.Kd3 Qf1+ 35.Kc3 Qc1+
36.Kd3 Qc2+  0-1

[Event "TCh-BEL 2007-8"]
[Site "Belgium BEL"]
[Date "2007.12.02"]
[Round "5"]
[White "Sargissian,G"]
[Black "Dutreeuw,M"]
[Result "1-0"]
[WhiteElo "2676"]
[BlackElo "2392"]

1.d4 d5 2.c4 Nc6 3.Nf3 Bg4 4.Nc3 e6 5.cxd5 exd5 6.Bf4 Bxf3 7.gxf3 Bd6 8.Bg3 Nge7
9.e3 Qd7 10.Qb3 f5 11.f4 Nd8 12.h4 h5 13.Ne2 c6 14.Nc1 Ne6 15.Nd3 O-O 16.Be2 g6
17.Kf1 Kh7 18.Rg1 b6 19.Qd1 Kh6 20.b4 a5 21.a3 axb4 22.axb4 Rxa1 23.Qxa1 Qb7
24.Kg2 Ra8 25.Qb2 Qa7 26.b5 Qa2 27.bxc6 Qxb2 28.Nxb2 Ra2 29.Rb1 Ba3 30.Nc4 Rxe2
31.Nxa3 Ra2 32.Nb5 Rc2 33.Nd6 Kg7 34.c7 Nxc7 35.Rxb6 Rc6 36.Rb7 Rxd6 37.Rxc7 Kf6
38.f3 Rc6 39.Rb7 Rc2+ 40.Kf1 Rc3 41.Ke2 Rc2+ 42.Kd3 Rc1 43.Kd2 Ra1 44.Rb6+ Kf7
45.Be1 Nc8 46.Rc6 Ne7 47.Rd6 Ra5 48.Kd3 Rb5 49.Ra6 Ke8 50.Ba5 Kd7 51.Ra7+ Ke6
52.Bc7 Rb3+ 53.Kd2 Rb2+ 54.Kc3 Rh2 55.Be5 Nc6 56.Rg7 Ne7 57.Bc7 Kf6 58.Rh7 Ke6
59.Bd8 Nc6 60.Bg5 Re2 61.Kd3 Ra2 62.Rg7 Ra3+ 63.Ke2 Ra2+ 64.Kf1 Ra3 65.Rxg6+ Kd7
66.Rg7+ Ke6 67.Kf2 Ra2+ 68.Kg3 Ra3 69.Rg6+ Kd7 70.Bf6 Rxe3 71.Be5 Nb4 72.Rf6 Re2
73.Rxf5 Rc2 74.Rxh5  1-0

[Event "Parsvnath ch-Commonwealth"]
[Site "New Delhi IND"]
[Date "2007.12.05"]
[Round "5"]
[White "Balasubramaniun,Ramn"]
[Black "Saptarshi,R"]
[Result "0-1"]
[WhiteElo "2266"]
[BlackElo "2412"]

1.d4 d5 2.c4 Nc6 3.Nf3 Bg4 4.e3 e5 5.dxe5 d4 6.Be2 Bb4+ 7.Kf1 dxe3 8.Bxe3 Qxd1+
9.Bxd1 O-O-O 10.Nc3 Bxc3 11.bxc3 Nge7 12.h3 Bf5 13.Be2 Bd3 14.Bxd3 Rxd3 15.Bd4 Nxd4
16.cxd4 Rc3 17.Ke2 Rxc4 18.Rhc1 Ra4 19.Rc2 h6 20.Rb1 Rd8 21.Kd3 Nc6 22.Rc4 Rxa2
23.Ke3 Ne7 24.Rf1 b5 25.Rc5 c6 26.g4 Kb7 27.Ke4 a5 28.Nh4 Rd2 29.Nf3 Re2+
30.Kd3 Ra2 31.Nd2 Ra4 32.Nf3 Rb4 33.Kc3 Kb6 34.Rd1 Nd5+ 35.Kc2 Nf4 36.Kc3 Ne2+  0-1

[Event "Open A"]
[Site "Zadar CRO"]
[Date "2007.12.19"]
[Round "6"]
[White "Cebalo,M"]
[Black "Miladinovic,I"]
[Result "0-1"]
[WhiteElo "2550"]
[BlackElo "2603"]

1.d4 d5 2.c4 Nc6 3.Nc3 Nf6 4.Nf3 Bf5 5.Bf4 e6 6.e3 Nb4 7.Rc1 dxc4 8.Bxc4 c6
9.O-O Nbd5 10.Be5 Nxc3 11.bxc3 Ba3 12.Bxf6 Qxf6 13.Qb3 Bxc1 14.Qxb7 O-O 15.Rxc1 Be4
16.Nd2 Bd5 17.Qa6 Rfb8 18.Bb3 Qg5 19.Qf1 c5 20.f4 Qe7 21.Qd3 cxd4 22.exd4 a5
23.c4 Bc6 24.Nf3 Bxf3 25.Qxf3 Qa3 26.Rc3 a4 27.Bc2 Qxa2 28.f5 exf5 29.c5 Qa1+
30.Kf2 Re8 31.Kg3 a3  0-1

[Event "37th Rilton Cup"]
[Site "Stockholm SWE"]
[Date "2008.01.03"]
[Round "7"]
[White "Smith,Ax"]
[Black "Fontaine,R"]
[Result "1-0"]
[WhiteElo "2384"]
[BlackElo "2562"]

1.d4 d5 2.c4 Nc6 3.cxd5 Qxd5 4.e3 e5 5.Nc3 Bb4 6.Bd2 Bxc3 7.bxc3 Nf6 8.f3 exd4
9.cxd4 O-O 10.Bd3 Qg5 11.Kf2 Nd5 12.Ne2 Qh4+ 13.g3 Qf6 14.Be4 Nce7 15.Qc2 Bf5
16.Bxf5 Nxf5 17.Qd3 Nd6 18.e4 Nb6 19.Rac1 c6 20.g4 Qe6 21.Rc2 Rad8 22.h4 Rfe8
23.h5 Nb5 24.Be3 Nd7 25.Qb3 Qe7 26.a4 Nd6 27.Ng3 Nf6 28.Qd3 Qe6 29.Bg5 Nc8
30.h6 g6 31.Rb1 Rd7 32.Ne2 Nxg4+ 33.fxg4 Qxg4 34.Bf4 Nd6 35.e5 Nf5 36.Rg1 Qh4+
37.Bg3 Nxg3 38.Qxg3 Qxh6 39.Rg2 Qg7 40.Qf4 Re6 41.Ng3 g5 42.Nh5 gxf4 43.Nxg7 Rg6
44.Nf5 Kf8 45.Kf3 Rd5 46.Kxf4 Ra5 47.Rh2 Rxa4 48.Rxh7 Ke8 49.Rh8+ Kd7 50.Rf8 Ra1
51.Rxf7+ Ke8 52.Rxb7 Rf1+ 53.Ke4 Rg4+ 54.Ke3 Rxf5 55.Rxc6 Kd8 56.Rh6 Kc8
57.Rxa7 Kb8 58.Re7 Rf8 59.Rhh7 Rg3+ 60.Ke4 Rb3 61.e6 Rb1 62.Ke5 Rd8 63.Rd7 Rg8
64.d5 Re8 65.Rh4 Re1+ 66.Kd6 Rc1 67.e7 Rcc8 68.Rb4+ Ka8 69.Rbb7 Rxe7 70.Ra7+ Kb8
71.Kxe7  1-0

[Event "37th Rilton Cup"]
[Site "Stockholm SWE"]
[Date "2008.01.03"]
[Round "7"]
[White "Livner,A"]
[Black "Furhoff,J"]
[Result "1/2-1/2"]
[WhiteElo "2281"]
[BlackElo "2392"]

1.d4 d5 2.c4 Nc6 3.cxd5 Qxd5 4.e3 e5 5.Nc3 Bb4 6.Bd2 Bxc3 7.bxc3 Nf6 8.Qb3 Qd6
9.Bc1 Be6 10.Ba3 Bxb3 11.Bxd6 cxd6 12.axb3 O-O 13.Bd3 e4 14.Bc2 d5 15.Ne2 b6
16.Kd2 Na5 17.f3 Rfe8 18.Ra3 Re7 19.Re1 h5 20.h4 g6 21.Bb1 Kg7 22.Ng3 Rae8
23.Bc2 Rc8 24.Rc1 Rce8 25.fxe4 dxe4 26.Ne2 Rc8 27.Nf4 Nc6 28.Bd1 a5 29.Be2 Rec7
30.Ba6 Ra8 31.Bb5 Rac8 32.Ba6 Ra8 33.Bb5 Na7 34.Be2 Rac8 35.Ra4 Nc6 36.Ba6 Ra8
37.Bb5 Rac8 38.Ba6 Ra8 39.Bb5 Rac8 40.Ba6  1/2-1/2

[Event "TCh-BEL 2007-8"]
[Site "Belgium BEL"]
[Date "2008.01.06"]
[Round "6"]
[White "Lacrosse,M"]
[Black "Veltkamp,G"]
[Result "1/2-1/2"]
[WhiteElo "2259"]
[BlackElo "2205"]

1.d4 d5 2.c4 Nc6 3.Nc3 dxc4 4.Nf3 Nf6 5.Bg5 h6 6.Bxf6 exf6 7.e3 Bd6 8.Bxc4 O-O
9.O-O Bg4 10.Rc1 a6 11.h3 Bh5 12.Be2 Qe7 13.Qb3 Rab8 14.a3 Rfd8 15.Rfd1 Qe8
16.Na4 Na5 17.Qc2 b5 18.Nc5 Bxc5 19.dxc5 Nc6 20.b4 Bg6 21.Qc3 Be4 22.Rxd8 Rxd8
23.Rd1 Rxd1+ 24.Bxd1 Qe6 25.Nd4 Qa2 26.Nxc6 Bxc6 27.Bb3 Qb1+ 28.Kh2 Qf1 29.f3 Bxf3
30.gxf3 Qf2+ 31.Kh1 Qf1+ 32.Kh2 Qf2+ 33.Kh1 Qf1+ 34.Kh2 Qf2+  1/2-1/2

[Event "Open A"]
[Site "Prague CZE"]
[Date "2008.01.11"]
[Round "1"]
[White "Vavrak,P"]
[Black "Drzasga,M"]
[Result "1-0"]
[WhiteElo "2472"]
[BlackElo "2059"]

1.d4 d5 2.c4 Nc6 3.e3 Nf6 4.Nc3 e6 5.Nf3 Be7 6.Bd3 O-O 7.a3 a5 8.O-O b6 9.b3 Bb7
10.Bb2 Re8 11.Qc2 Bf8 12.Rad1 g6 13.Rfe1 Bg7 14.h3 Rc8 15.e4 Ne7 16.cxd5 exd5
17.e5 Nd7 18.Ng5 Nf8 19.Bc1 Ne6 20.Nxe6 fxe6 21.Bg5 Rf8 22.h4 h6 23.Bxe7 Qxe7
24.Re3 c5 25.Bxg6 Rf4 26.g3 cxd4 27.Red3 Rg4 28.Bh5 Re4 29.Rxd4 Rxe5 30.Bg4 h5
31.Bh3 Re4 32.Nxd5 exd5 33.Rxe4 dxe4 34.Bxc8 e3 35.Bxb7 exf2+ 36.Qxf2 Qxb7
37.Rd8+ Kh7 38.Qf5+  1-0

[Event "ch-CUB"]
[Site "Santa Clara CUB"]
[Date "2008.01.11"]
[Round "4"]
[White "Borges Mateos,J"]
[Black "Perez Rodriguez,L"]
[Result "1-0"]
[WhiteElo "2448"]
[BlackElo "2432"]

1.d4 d5 2.c4 Nc6 3.Nf3 Bg4 4.Nc3 e6 5.e3 Bb4 6.Bd2 Nge7 7.h3 Bxf3 8.Qxf3 O-O
9.a3 Bxc3 10.Bxc3 Ng6 11.h4 e5 12.dxe5 d4 13.exd4 Nxd4 14.Qe4 Nb3 15.Rd1 Qe7
16.Be2 Rae8 17.f4 f6 18.h5 Nh8 19.Qxb7 fxe5 20.Qxb3 exf4 21.c5+ Nf7 22.Qc4 Qg5
23.O-O Kh8 24.Qxf4 Qxc5+ 25.Qf2  1-0

[Event "11th ZNG111 Open"]
[Site "Rijeka CRO"]
[Date "2008.01.12"]
[Round "4"]
[White "Doric,N"]
[Black "Juranic,B"]
[Result "1-0"]
[WhiteElo "2336"]
[BlackElo "2162"]

1.d4 d5 2.c4 Nc6 3.Nc3 e5 4.cxd5 Nxd4 5.f4 Bd6 6.e3 Nf5 7.fxe5 Bxe5 8.Nf3 Bxc3+
9.bxc3 Nf6 10.e4 Qe7 11.Bd3 Nxd5 12.Qe2 Nxc3 13.Qc2 Nd5 14.Bb5+ Kf8 15.O-O Nfe3
16.Qd3 Nxf1 17.exd5 Kg8 18.Ba3 Qe3+ 19.Kxf1 Qxd3+ 20.Bxd3 Bd7 21.Ne5 Rd8
22.Rc1 Be8 23.Rxc7 f6 24.Be7 Rb8 25.d6 fxe5 26.d7 Bg6 27.Bc4+ Bf7 28.Rc8+  1-0

[Event "Open"]
[Site "Marianske Lazne CZE"]
[Date "2008.01.19"]
[Round "1"]
[White "Bae,T"]
[Black "Pittermann,J"]
[Result "1-0"]
[WhiteElo "2386"]
[BlackElo "1977"]

1.d4 d5 2.c4 Nc6 3.Nc3 Nf6 4.Nf3 Bg4 5.Ne5 e6 6.Qa4 Rc8 7.Bg5 Bh5 8.Nxc6 bxc6
9.Qxc6+ Qd7 10.Qxd7+ Nxd7 11.cxd5 e5 12.dxe5 Nxe5 13.e3 Bd6 14.Bb5+ Kf8 15.O-O f6
16.Bf4 Kf7 17.Rac1 Rb8 18.b3 Rhf8 19.f3 Kg8 20.Be2 Bg6 21.e4 Be8 22.Rc2 Bd7
23.Na4 Bxa4 24.bxa4 Rb4 25.Bb5 a6 26.Bxa6 Rxa4 27.Bb5 Ra3 28.Bc1 Ra5 29.a4 Rb8
30.Bd2 Rbxb5 31.axb5 Rxb5 32.g3 Rb3 33.Kg2 h5 34.f4 Nd7 35.Ba5 Rb7 36.Rfc1 Nb6
37.Rb1 Nxd5 38.Rxb7 Ne3+ 39.Kh3 Nxc2 40.Bxc7 Bxc7 41.Rxc7 Ne3 42.e5 fxe5
43.fxe5 Nf5 44.e6 g6 45.Rf7 Nd6 46.Rf1 Nf5 47.Rxf5  1-0

[Event "6th Parsvnath Open"]
[Site "New Delhi IND"]
[Date "2008.01.19"]
[Round "9"]
[White "Mehar,C"]
[Black "Thakur,Ak"]
[Result "1/2-1/2"]
[WhiteElo "2199"]
[BlackElo "2315"]

1.d4 d5 2.c4 Nc6 3.Nc3 Nf6 4.cxd5 Nxd5 5.e4 Nxc3 6.bxc3 e5 7.d5 Nb8 8.Nf3 Bd6
9.Bd3 Nd7 10.Be3 O-O 11.O-O Qe7 12.Nd2 Bc5 13.Nc4 Bxe3 14.Nxe3 Nc5 15.Rb1 Bd7
16.Qd2 Qg5 17.Bc2 Rad8 18.Qe2 Bc8 19.Rfd1 b6 20.a4 Rd6 21.a5 Ba6 22.Qf3 Rfd8
23.Nf5 Bc8 24.axb6 Rxb6 25.Rxb6 axb6 26.Ne3 Rd6 27.Ra1 Ba6 28.Qd1 g6 29.Qf3 h5
30.Qh3 Kg7 31.Qg3 Qxg3 32.hxg3 Rd8 33.f3 Kf6 34.Kf2 Ke7 35.g4 Rh8 36.Rh1 Bc8
37.g3 b5 38.Bd1 Bd7 39.Be2 Kf6 40.Kg2 Kg7 41.gxh5 gxh5 42.Rb1 Ra8 43.Bxb5 Ra2+
44.Kg1 Bxb5 45.Rxb5 Nd3 46.Rb7 Ne1 47.Rxc7 Nxf3+ 48.Kf1 Nd2+ 49.Ke2 Nxe4+
50.Kd3 Nxg3 51.d6 e4+ 52.Kd4 Ra8 53.d7 Rd8 54.Kd5 h4 55.Kd6 h3 56.Ra7 h2
57.Ra1 h1=Q 58.Rxh1 Nxh1 59.c4 Ng3 60.c5 Nh5 61.Ke7 Ra8 62.c6 Nf6 63.d8=Q Ng8+  1/2-1/2

[Event "TCh-BEL 2007-8"]
[Site "Belgium BEL"]
[Date "2008.01.20"]
[Round "7"]
[White "Geirnaert,S"]
[Black "Wantiez,F"]
[Result "1-0"]
[WhiteElo "2316"]
[BlackElo "2311"]

1.d4 d5 2.c4 Nc6 3.Nc3 e5 4.cxd5 Nxd4 5.e3 Nf5 6.e4 Nd6 7.f4 f6 8.Nf3 Nf7
9.Bb5+ Bd7 10.Qb3 b6 11.fxe5 fxe5 12.d6 Bxb5 13.Qe6+ Be7 14.dxe7 Qd7 15.Qxf7+ Kxf7
16.Nxe5+ Ke8 17.Nxd7 Bxd7 18.Nd5 Rc8 19.Bg5 Bb5 20.Rd1 h6 21.Nxb6 cxb6 22.Rd8+ Kf7
23.e8=Q+ Bxe8 24.O-O+ Nf6 25.Rxc8 hxg5 26.e5 Rh4 27.exf6 gxf6 28.Rc7+ Kg6
29.Rxa7 Rd4 30.h3 g4 31.hxg4 Rxg4 32.Re7 Bc6 33.Rf2 Bd5 34.a3 b5 35.Rd7 Be6
36.Rd6 Re4 37.Rb6 Re5 38.Rd2 Bc8 39.Rf2 Be6 40.Rf3 Kg5 41.Kf2 Bc4 42.Rfxf6 Re2+
43.Kg3 Bd5 44.Rf2  1-0

[Event "IMB1"]
[Site "Marianske Lazne CZE"]
[Date "2008.01.20"]
[Round "2"]
[White "Semcesen,D"]
[Black "Vokoun,J"]
[Result "1-0"]
[WhiteElo "2349"]
[BlackElo "2217"]

1.d4 d5 2.c4 Nc6 3.Nf3 Bg4 4.Nc3 e6 5.Qa4 Bxf3 6.gxf3 a6 7.e3 Bb4 8.Qc2 Nf6
9.a3 Be7 10.f4 O-O 11.Bd2 Qd7 12.cxd5 exd5 13.Bg2 Nd8 14.Ne2 b6 15.Bc3 Nb7
16.O-O Nd6 17.Ng3 a5 18.a4 h5 19.h3 h4 20.Ne2 Nde4 21.Kh2 Bd6 22.Be1 g5 23.Rg1 Kh8
24.Bxe4 Nxe4 25.f3 gxf4 26.fxe4 f3+ 27.e5 Rg8 28.Rxg8+ Rxg8 29.Nf4 Be7 30.Qd1 Qf5
31.Qxf3 Bg5 32.Bf2  1-0

[Event "Kots Mem"]
[Site "Donetsk UKR"]
[Date "2008.01.27"]
[Round "10"]
[White "Iljin,T"]
[Black "Volovikov,An"]
[Result "1/2-1/2"]
[WhiteElo "2442"]
[BlackElo "2234"]

1.d4 d5 2.c4 Nc6 3.Nc3 dxc4 4.Nf3 Nf6 5.Bg5 Bg4 6.d5 Bxf3 7.exf3 Ne5 8.Qd4 Nd3+
9.Bxd3 cxd3 10.O-O-O h6 11.Bxf6 gxf6 12.Rhe1 e5 13.f4 Bg7 14.Rxd3 O-O 15.Qe4 exf4
16.Qxf4 Qd6 17.Qxd6 cxd6 18.Re7 Rab8 19.Rde3 f5 20.f4 Rfd8 21.Rc7 Bf6 22.Kd2 a6
23.Ne2 Rdc8 24.Rd7 Rd8 25.Rxd8+ Rxd8 26.Ng3 Kh7 27.Nxf5 Kg6 28.Ng3 Bxb2 29.Rb3 Bd4
30.Rxb7 Re8 31.Kd3 Bg1 32.Rd7 Re3+ 33.Kd2 Ra3 34.Rxd6+ f6 35.Ne4 Kf5 36.Ng3+ Kg6
37.Ne4 Kf5 38.Ng3+ Kg6  1/2-1/2

[Event "13th HIT Open A"]
[Site "Nova Gorica SLO"]
[Date "2008.01.27"]
[Round "2"]
[White "Markus,Rob"]
[Black "Fercec,N"]
[Result "1-0"]
[WhiteElo "2575"]
[BlackElo "2473"]

1.d4 d5 2.c4 Nc6 3.Nf3 Bg4 4.Nc3 e6 5.cxd5 exd5 6.Bf4 Bxf3 7.gxf3 Bd6 8.Qd2 Bxf4
9.Qxf4 Nf6 10.O-O-O O-O 11.h4 Na5 12.e4 dxe4 13.fxe4 b5 14.Bxb5 Rb8 15.Rhg1 g6
16.Rg5 c6 17.Be2 Kg7 18.h5 h6 19.Rg3 Qb6 20.Rd2 c5 21.d5 Nxh5 22.Bxh5 Nc4
23.e5 Nxd2 24.Qxd2 Qb4 25.Rg4 Qa5 26.e6 Rb4 27.e7  1-0

[Event "13th HIT Open A"]
[Site "Nova Gorica SLO"]
[Date "2008.01.28"]
[Round "4"]
[White "Tonon,A"]
[Black "Peredy,F"]
[Result "1-0"]
[WhiteElo "2198"]
[BlackElo "2261"]

1.d4 d5 2.c4 Nc6 3.Nc3 dxc4 4.Nf3 Nf6 5.e3 Bg4 6.Qa4 Bxf3 7.gxf3 a6 8.Qxc4 e5
9.dxe5 Nxe5 10.Qe2 Nd5 11.Bd2 Nb4 12.O-O-O Qf6 13.f4 Ned3+ 14.Kb1 O-O-O 15.Bc1 Be7
16.a3 Nxc1 17.Rxc1 Qg6+ 18.f5 Qc6 19.Bh3 Bf6 20.axb4 Bxc3 21.bxc3  1-0

[Event "6th Gibtelecom Masters"]
[Site "Gibraltar ENG"]
[Date "2008.01.29"]
[Round "8"]
[White "Dzagnidze,N"]
[Black "Vea,O"]
[Result "0-1"]
[WhiteElo "2429"]
[BlackElo "2168"]

1.d4 d5 2.c4 Nc6 3.Nc3 dxc4 4.Nf3 Nf6 5.e4 Bg4 6.Be3 e5 7.d5 Bxf3 8.gxf3 Ne7
9.Bxc4 a6 10.d6 cxd6 11.Qb3 d5 12.Qa4+ Qd7 13.Nb5 O-O-O 14.exd5 Nexd5 15.Rd1 Bb4+
16.Ke2 e4 17.Rd4 exf3+ 18.Kxf3 Qf5+ 19.Ke2 Nxe3 20.Na7+ Kb8 21.Nc6+ bxc6
22.Qxb4+ Kc7 23.Qe7+ Rd7 24.Rxd7+ Nxd7 25.Kxe3 Rd8 26.Bxf7 Rf8 27.Rd1 Rxf7
28.Qd6+ Kb7 29.Qb4+ Nb6  0-1

[Event "6th ch-PriFO Men"]
[Site "Kazan RUS"]
[Date "2008.01.29"]
[Round "7"]
[White "Shaposhnikov,E"]
[Black "Varavin,V1"]
[Result "1-0"]
[WhiteElo "2537"]
[BlackElo "2427"]

1.d4 d5 2.c4 Nc6 3.e3 e5 4.dxe5 d4 5.exd4 Qxd4 6.Qxd4 Nxd4 7.Bd3 Bg4 8.h3 Bh5
9.Nc3 O-O-O 10.Be3 Nc6 11.Bf5+ Kb8 12.g4 Nge7 13.Be4 Bg6 14.f4 f5 15.exf6 gxf6
16.Bxg6 Nxg6 17.Rd1 Rxd1+ 18.Kxd1 h5 19.gxh5 Nh4 20.Nd5 Nb4 21.Nxb4 Bxb4
22.Bf2 Ng2 23.Ne2 Rd8+ 24.Kc1 Nxf4 25.Nxf4 Bd2+ 26.Kc2 Bxf4 27.Rd1 Rh8 28.Rd4 Be5
29.Rh4 Kc8 30.h6 a6 31.Kd3 Kd7 32.Bd4 Bxd4 33.Kxd4 Rh7 34.Ke4 Ke6 35.Kf4 a5
36.b3 b6 37.Rh5 c6 38.a4 Rh8 39.h7 Kf7 40.Kf5 Kg7 41.Rh4 c5 42.Rh5 Kf7 43.Rh6 Kg7
44.Rxf6 Rxh7 45.Rxb6 Rxh3 46.Ke5 Kf7 47.Kd6 Rd3+ 48.Kxc5 Ke7 49.Rb5 Kd7 50.Kb6 Kc8
51.Kxa5  1-0

[Event "ch-Kyiv Men"]
[Site "Kyiv UKR"]
[Date "2008.01.30"]
[Round "10"]
[White "Grinev,V"]
[Black "Stratulat,S"]
[Result "1-0"]
[WhiteElo "2266"]
[BlackElo "2252"]

1.d4 d5 2.c4 Nc6 3.Nc3 dxc4 4.d5 Na5 5.e4 c6 6.Nf3 e6 7.dxc6 Qxd1+ 8.Nxd1 Nxc6
9.Bxc4 Nf6 10.e5 Nd7 11.Bf4 Bc5 12.O-O h6 13.Re1 a6 14.Nc3 b5 15.Bd3 Bb7
16.Ne4 g5 17.Be3 Be7 18.Nd6+ Bxd6 19.exd6 Nb4 20.Bb1 Rc8 21.a4 bxa4 22.Rxa4 Nc2
23.Rc1 Nxe3 24.Rxc8+ Bxc8 25.fxe3 O-O 26.h4 f6 27.hxg5 hxg5 28.Rc4 Rd8 29.Ba2 Bb7
30.Rc7 Bd5 31.Bxd5 exd5 32.Nd4 Ne5 33.Nf5 Nf7 34.d7 Kh7 35.Nd4 Ne5 36.Ne6  1-0